The Commonwealth Ministers Referance Book 1996/ 97.
| Other Authors: | |
|---|---|
| Format: | Book |
| Published: |
London:
Kensington,
1996.
|
| Subjects: |
| LEADER | 00500cam a2200169 7i4500 | ||
|---|---|---|---|
| 001 | 0000005390 | ||
| 005 | 19991025090000.0 | ||
| 002 | ##000007021 | ||
| 020 | 0 | 0 | |a T000005518 |
| 090 | 0 | 0 | |a I 338.9 |b COM |
| 245 | 0 | 4 | |a The Commonwealth Ministers Referance Book 1996/ 97. |
| 260 | 0 | 0 | |a London: |b Kensington, |c 1996. |
| 300 | 0 | 0 | |a 527 p.. |
| 650 | 0 | 0 | |a Commonwealth countries -- |x Economic development |
| 651 | 0 | 0 | |a Commonwealth |
| 700 | 1 | 1 | |a Gordon, |h John |
| 999 | |a 0000007834 |b Book |c Open shelf |e Business Information Centre | ||